=LDR 00000nam 2200000 4500 =001 INLIS000000000051438 =005 20200209034157 =035 ##$$a 0010-0917000242 =007 ta =008 200209################g##########0#ind## =020 ##$$a 978.602.6466.64-8 =082 ##$$a 153.4 =084 ##$$a 153.4 ALF t =100 #$$a Alfred Binet =245 1#$$a The mind & The Brain : $b Dahsyatnya otak dan pikiran manusia /$c Alfred Binet; =260 ##$$a Yogyakarta :$b Indoliterasi,$c 2017 =300 ##$$a iii, 188 hlm. ; $c 23 cm =650 #4$$a Pikiran =700 #$$a Penerjemah, Ahmad Asnawi =504 ##$$a Bibliografi : hlm. 188 =990 ##$$a 21704405 =990 ##$$a 21704404 =990 ##$$a 21704403 =990 ##$$a 21704402 =990 ##$$a 21704401 =990 ##$$a 21704401 =990 ##$$a 21704405 =990 ##$$a 21704404 =990 ##$$a 21704403 =990 ##$$a 21704402 =990 ##$$a 21704403 =990 ##$$a 21704405 =990 ##$$a 21704404 =990 ##$$a 21704402 =990 ##$$a 21704401 =990 ##$$a 21704404 =990 ##$$a 21704405 =990 ##$$a 21704403 =990 ##$$a 21704402 =990 ##$$a 21704401 =990 ##$$a 21704405 =990 ##$$a 21704404 =990 ##$$a 21704403 =990 ##$$a 21704402 =990 ##$$a 21704401